Statistics for All Cities in Slovakia with a Map

Click here to take the quiz!

General Stats

  • This quiz has been taken 135 times
  • The average score is 89 of 141

Answers on the Map

Answers color-coded by a green-red scale on the quiz's map according to % correct below.
 

Answer Stats

PopulationCity% Correct
476,922Bratislava
100%
226,212Košice
97%
82,827Prešov
94%
74,590Banská Bystrica
91%
76,951Nitra
89%
49,091Poprad
89%
54,107Trenčín
89%
62,806Trnava
89%
81,219Žilina
89%
22,892Dunajská Streda
86%
32,287Komárno
86%
30,162Liptovský Mikuláš
86%
18,805Malacky
86%
51,139Martin
86%
35,874Michalovce
83%
24,617Pezinok
83%
39,844Zvolen
83%
22,730Čadca
80%
15,227Galanta
80%
25,364Lučenec
80%
37,706Považská Bystrica
80%
26,794Ružomberok
80%
15,471Skalica
80%
9,426Banská Štiavnica
77%
30,267Bardejov
77%
17,720Dolný Kubín
77%
30,45Humenné
77%
14,321Kysucké Nové Mesto
77%
9,273Modra
77%
10,705Myjava
77%
19,355Nové Mesto nad Váhom
77%
36,781Nové Zámky
77%
43,645Prievidza
77%
21,527Rimavská Sobota
77%
20,115Senec
77%
19,430Senica
77%
34,855Spišská Nová Ves
77%
17,032Žiar nad Hronom
77%
11,820Zlaté Moravce
77%
19,866Brezno
74%
9,770Fiľakovo
74%
10,470Nová Dubnica
74%
20,871Partizánske
74%
17,122Rožňava
74%
13,566Šamorín
74%
22,890Trebišov
74%
11,448Bytča
71%
22,023Dubnica nad Váhom
71%
19,992Hlohovec
71%
15,304Kežmarok
71%
14,015Levoča
71%
7,539Námestovo
71%
17,068Púchov
71%
15,707Stará Ľubovňa
71%
12,685Stupava
71%
24,415Topoľčany
71%
3,955Trenčianske Teplice
71%
13,704Detva
69%
31,081Levice
69%
27,057Piešťany
69%
11,109Revúca
69%
20,552Šaľa
69%
9,440Štúrovo
69%
9,909Svidník
69%
5,568Ilava
66%
5,806Medzilaborce
66%
12,206Sabinov
66%
18,208Snina
66%
8,812Tvrdošín
66%
10,647Veľký Krtíš
66%
20,702Vranov nad Topľou
66%
16,614Bánovce nad Bebravou
63%
5,035Bojnice
63%
11,024Holíč
63%
3,946Leopoldov
63%
15,290Sereď
63%
8,486Stará Turá
63%
6,248Turčianske Teplice
63%
3,838Vysoké Tatry
63%
5,851Gelnica
60%
7,038Liptovský Hrádok
60%
5,187Poltár
60%
9,883Stropkov
60%
5,729Žarnovica
60%
4,812Kremnica
57%
7,520Krupina
57%
5,818Rajec
57%
5,869Sobrance
57%
5,945Svätý Jur
57%
7,714Svit
57%
6,645Želiezovce
57%
3,441Čierna nad Tisou
54%
10,266Moldava nad Bodvou
54%
7,019Trstená
54%
7,424Vrútky
54%
1,369Dudince
51%
5,262Gabčíkovo
51%
7,314Hurbanovo
51%
7,431Kráľovský Chlmec
51%
6,904Nová Baňa
51%
7,069Šahy
51%
4,811Sliač
51%
8,301Veľký Meder
51%
4,885Gbely
49%
15,780Handlová
49%
10,170Kolárovo
49%
1,670Modrý Kameň
49%
4,145Nováky
49%
4,882Šaštín-Stráže
49%
8,432Vráble
49%
6,449Lipany
46%
2,849Rajecké Teplice
46%
2,197Spišská Stará Ves
46%
7,043Turzovka
46%
6,759Veľký Šariš
46%
5,143Dobšiná
43%
3,991Giraltovce
43%
6,616Hnúšťa
43%
7,068Hriňová
43%
6,668Spišská Belá
43%
8,575Veľké Kapušany
43%
4,657Brezová pod Bradlom
40%
3,735Hanušovce nad Topľou
40%
8,646Krompachy
40%
6,292Nemšová
40%
5,415Sládkovičovo
40%
4,212Strážske
40%
6,791Tornaľa
40%
3,177Jelšava
37%
6,563Krásno nad Kysucou
37%
4,099Medzev
37%
5,037Nesvady
37%
8,524Sečovce
37%
3,785Spišské Podhradie
37%
9,326Šurany
37%
3,664Tisovec
37%
4,140Turany
37%
3,326Spišské Vlachy
34%
5,637Vrbové
34%
3,570Tlmače
31%
3,052Podolínec
26%

Score Distribution

Percentile by Number Answered

Percent of People with Each Score

Your Score History

You have not taken this quiz